000 00292nam a22001337a 4500
008 180214b xxu||||| |||| 00| 0 eng d
020 _a9780520217140
041 _aeng
080 _a32
100 _a23
101 _aPOL
245 _aA GENERATION DIVIDED
_cREBECCAA.EH
942 _2udc
_cBK
999 _c42527
_d42527